Veterinárna klinika

Guardado en:
Detalles Bibliográficos
Autor principal: Nagyová, Laura (Autor)
Otros Autores: Jamnický, Martin (Orientador)
Formato: Manuscrito Libro
Lenguaje:eslovaco
Publicado: 2023
Materias:
Acceso en línea:http://is.stuba.sk/zp/portal_zp.pl?podrobnosti=170413
https://opac.crzp.sk/?fn=detailBiblioForm&sid=C0DEB8E07572332BAC210A15805F
Etiquetas: Agregar Etiqueta
Sin Etiquetas, Sea el primero en etiquetar este registro!

MARC

LEADER 00000ntm a22000003a 4500
001 stuzp93925
003 SK-STU
005 20230920104915.8
007 ta
008 150427s2015----xo-----f-mn---000-0-slo-d
040 |a STU  |b slo 
041 0 |a slo 
100 1 |a Nagyová, Laura  |u 010180  |4 aut  |U SvF Stavebná fakulta  |T SvF Katedra konštrukcií pozemných stavieb  |X 63393  |U V180  |Y 18  |7 63393 
242 0 1 |a Veterinary clinic  |y eng 
245 1 0 |a Veterinárna klinika 
260 |c 2023 
650 4 |a veterinárna klinika  |2 slo 
650 4 |a projekt na realizáciu stavby  |2 slo 
650 4 |a drevostavba  |2 slo 
650 4 |a krížom lepené drevo (CLT)  |2 slo 
650 4 |a Veterinary clinic  |2 eng 
650 4 |a wooden construction  |2 eng 
650 4 |a cross-laminated timber (CLT)  |2 eng 
650 4 |a construction project of the building  |2 eng 
700 1 |a Jamnický, Martin  |u 010180  |k Z1  |4 ths  |U SvF Stavebná fakulta  |T SvF Katedra konštrukcií pozemných stavieb  |X 4052  |U V180  |Y 18  |7 A000004052 
856 4 |u http://is.stuba.sk/zp/portal_zp.pl?podrobnosti=170413 
856 4 |u https://opac.crzp.sk/?fn=detailBiblioForm&sid=C0DEB8E07572332BAC210A15805F